Manuel de transport commerciause et de douane / (Record no. 79259)

MARC details
000 -LEADER
campo de control de longitud fija 00550nam a2200181 i 4500
001 - NÚMERO DE CONTROL
campo de control 79259
003 - IDENTIFICADOR DE NÚMERO DE CONTROL
campo de control ES-MaACL
005 - FECHA Y HORA DE LA ÚLTIMA TRANSACCIÓN
campo de control 20250311121845.0
007 - CAMPO FIJO DE DESCRIPCIÓN FÍSICA--INFORMACIÓN GENERAL
campo de control de longitud fija t|
008 - DATOS DE LONGITUD FIJA--INFORMACIÓN GENERAL
campo de control de longitud fija 041020s1919 fr ||||1| fre d
100 1# - ENTRADA PRINCIPAL--NOMBRE DE PERSONA
Nombre de persona Hennequin, Emile.
9 (RLIN) 62554
245 10 - MENCIÓN DEL TÍTULO
Título Manuel de transport commerciause et de douane /
Mención de responsabilidad, etc. Emile Hennequin ; preface de Ed. Herriot.
260 ## - PUBLICACIÓN, DISTRIBUCIÓN, ETC.
Lugar de publicación, distribución, etc. Paris :
Nombre del editor, distribuidor, etc. [s.n.],
Fecha de publicación, distribución, etc. 1919 (
Fabricante Vannes Lafolya)
300 ## - DESCRIPCIÓN FÍSICA
Extensión 656 p. ;
Dimensiones 25 cm.
700 0# - ENTRADA AGREGADA--NOMBRE PERSONAL
Nombre de persona Herriot, Edouard,
Fechas asociadas al nombre 1872-1957
9 (RLIN) 63370
852 ## - LOCALIZACIÓN
Ubicación ES-MaACL
Número de control de estantería F-9385
Holdings
Estatus retirado Estado de pérdida Estado de daño No para préstamo Biblioteca de origen Biblioteca actual Ubicación en estantería Fecha de adquisición Fuente de adquisición Total de préstamos Signatura topográfica completa Código de barras Visto por última vez Precio de reemplazo Tipo de ítem Koha
        Biblioteca del Ateneo de Madrid Biblioteca del Ateneo de Madrid Sala Pecera Planta 2 17/01/2008     F-9385 1082886 23/02/2023 23/02/2023 Libro impreso